| 000 | 00427nam a2200169Ia 4500 | ||
|---|---|---|---|
| 008 | 221030s9999 xx 000 0 und d | ||
| 020 | _a0074624903 | ||
| 041 | _aEnglish | ||
| 082 |
_a105.23 _bVen |
||
| 100 | _aK. R. Venugopal | ||
| 245 | 0 |
_aProgramming With Pascal & C _cby K. R. Venugopal, H. S. Vimal |
|
| 260 |
_bTMH _aNew Delhi _c2002 |
||
| 300 | _a1015 | ||
| 650 | _aBE Computer | ||
| 700 | _aH. S. Vimal | ||
| 942 | _cBK | ||
| 999 |
_c8444 _d8444 |
||